00667nam a22001337a 4500999001700000100006900017245010700086260002700193300000900220650015800229856003300387942001100420952010200431 c67293d67290 aMuswar Ali Farhad a18MME03aSupervisor - Dr Qadir Bakhsh Jamali aAnalysis of Mechanical Properties of Medium Carbon Steel Grade SAE 1040 Using Heat Treatment Processes aNawabshahbQUESTc2020 a82p. aHeat Treatment ProcessesaAnalysis of Mechanical PropertiesaMedium Carbon Steel GradeaManufacturing Engineering aDepartment of Mechanical Engineering  uhttps://tinyurl.com/5ykrevkc cTHESIS 00104070aRESEARCHbRESEARCHd2021-09-02l0pMP/64-817r2021-09-02 00:00:00w2021-09-02yTHESIS